• 首页
  • 本馆介绍
  • 公告通知
  • 最新文献
  • 馆藏检索
  • 电子资源
  • 读者导购
  • 参考咨询
  • 我的图书馆
  • 登录
  • 详细信息显示
  • 放入我的书架
  • 预约/预借图书
  • 作者相关作品
  • 分类相关作品
  • 丛书相关作品
  • 出版社相关作品

书目信息

  • 表格格式
  • 工作单格式
  • 卡片格式
题名:
遥感数字图像处理
    
 
作者: 朱文泉 , 林文鹏 编著
分册:  
出版信息: 北京   高等教育出版社  2015
页数: 345页
开本: 23cm
丛书名:
单 册:
中图分类: TP751.1
科图分类:
主题词: 遥感图象--数字图象处理--高等学校--教材
电子资源:
ISBN: 978-7-04-043211-4
000 00961nam0 2200253 450
001 0103660154
005 20151129163033.0
010    @a978-7-04-043211-4@dCNY42.80
100    @a20151031d2015 em y0chiy0120 ea
101 0  @achi
102    @aCN@b110000
105    @aa z 000yy
106    @ar
200 1  @a遥感数字图像处理@9Yao Gan Shu;Shuo Zi Tu Xiang Chu Li @e原理与方法@f朱文泉,林文鹏编著@b专著
210    @a北京@c高等教育出版社@d2015
215    @a345页@c图@d23cm
300    @a高等学校教材 地学系列教材
330    @a本书分遥感数字图像处理基础、遥感数字图像质量改善、遥感数字图像特征选择与信息提取3部分,介绍了遥感数字图像处理的原理与方法,其中不仅包括常用的经典方法,也包括近几年新提出的方法。
606 0  @a遥感图象@x数字图象处理@x高等学校@j教材
690    @aTP751.1@v5
701  0 @a朱文泉@c(高等教育)@4编著@9zhu wen quan
701  0 @a林文鹏@c(高等教育)@4编著@9lin wen peng
801  0 @aCN@bAZmarc@c20230902
905    @aBZT@dTP751@e3@f1@sTP751/3
    
    遥感数字图像处理:原理与方法/朱文泉,林文鹏编著.-北京:高等教育出版社,2015
    345页:图;23cm
    高等学校教材 地学系列教材
    
    ISBN 978-7-04-043211-4:CNY42.80
    本书分遥感数字图像处理基础、遥感数字图像质量改善、遥感数字图像特征选择与信息提取3部分,介绍了遥感数字图像处理的原理与方法,其中不仅包括常用的经典方法,也包括近几年新提出的方法。
●
相关链接 在五车中查询图书 在当当中查询图书 在豆瓣中查询图书


正题名:遥感数字图像处理     索取号:TP751/3         预约/预借

序号 登录号 条形码 馆藏地/架位号 状态 备注
1 2000008180   2000008180   旧书回溯/ [索取号:TP751/3] 在馆    
山东省滨州职业学院图书馆 欢迎您!
大连网信软件有限公司© 版权所有